00000000nam##2200000za#4500
0019.619086
003CaOODSP
00520210615103241
007ta
008150406|2008||||xxc|||||     f|0| 0 eng|d
022 |a0706-6473
040 |aCaOODSP|beng
043 |an-cn---
0861 |aFs97-4/2774E
1101 |aCanada. |bDepartment of Fisheries and Oceans.
24512|aA technical review of the Conservation Utility Analysis : |bissues and recommendations for future analyses / |cby M.M. Manson.
260 |aVancouver - British Columbia : |bFisheries and Oceans Canada |c2008.
300 |aiv, 16p. : |bcoloured map, references, tables ; |c28 cm.
4901 |aCanadian manuscript report of fisheries and aquatic sciences|x0706-6473|v2774
500 |a"Oceans, Habitat and Enhancement Branch, Fisheries and Oceans Canada, 200 - 401 Burrard Street, Vancouver, British Columbia V6C 3S4".--Cover.
546 |a(Résumé en français.)
563 |aSoftcover
590 |a08-43|b2008-10-24
7201 |aManson, M. M.
7760#|tA technical review of the Conservation Utility Analysis : |w(CaOODSP)9.580059
830#0|aCanadian manuscript report of fisheries and aquatic sciences,|x0706-6473|v2774|w(CaOODSP)9.514688